| 000 | 00507nam a22001577a 4500 | ||
|---|---|---|---|
| 005 | 20251108164718.0 | ||
| 008 | 250721s1979 xx 000 0 ara d | ||
| 082 | 1 | 4 | _a810.9/أحم |
| 100 | 1 | _aبدوي، أحمد أحمد | |
| 245 | 1 | 0 | _aالحياة الأدبية في عصر الحروب الصليبية بمصر و الشام / |
| 264 | 1 |
_aالقاهرة : _bنهضة مصر للطباعة، _c1979.. |
|
| 300 | _a587 ص | ||
| 650 | 1 | 7 | _aالأدب العربي |
| 942 |
_2ddc _cBK |
||
| 999 |
_c12482 _d12482 |
||